000 00685nab a2200205 4500
999 _c372077
_d372077
001 866
003 OSt
005 20230102130449.0
007 tu
008 ||||||||||||
040 _aDE-2950
_cDE-2950
245 0 0 _a"Ich habe die Zeit im Halbleiterwerk genossen ...".
_bWolfram Werner Kipsch im Gespräch mit Rita Aldenhoff-Hübinger über seinen Werdegang als Laienkünstler und Halbleiterwerker
260 _c2022
525 _aEnthaltene Fotografien: zahlreiche Fotografien
653 _aFrankfurt (Oder)
653 _aHalbleiterwerk
653 _aKipsch, Wolfram-Werner. 1943-
773 0 _g01.01.2022-31.12.2022, S. 242-251
_tFrankfurter Jahrbuch 2022
942 _2z
_cA